Sanat - "Rehellisesti" - JVG - Statistics

Yleistilastot
  • Tätä visaa on pelattu 60 kertaa
  • Keskiarvotulos 163 / 301
Vastaustilastot
Vastaus % Oikein
rehellisesti
100%
Rehellisesti
100%
on
91%
87%
ja
85%
Taas
85%
Ei
83%
ei
83%
kummempii
81%
tää
81%
Tää
81%
täs
81%
nyt
80%
lesti
76%
ikuisesti
74%
pääs
74%
tunneli
74%
vai
74%
Valon
74%
Elämä
72%
hetki
72%
huono
72%
kun
72%
maistunu
72%
vaa
72%
lähti
70%
alta
69%
duunit
69%
elämää
67%
Kummelii
67%
Onks
67%
Vähä
67%
Kiva
63%
kiva
63%
63%
63%
vähän
61%
Ai
59%
mitä
56%
tunnelmii
56%
tunnettiin
56%
kysyt
54%
ollu
52%
tummempii
52%
en
50%
vastaa
50%
luometki
46%
Mut
44%
osaa
44%
jo
43%
sulle
43%
tässä
43%
kai
41%
juhannusta
37%
No
37%
viettämässä
37%
aikamoine
35%
toine
35%
vaan
35%
mitäs
33%
jäässä
31%
kysyit
31%
olo
31%
oon
31%
sen
31%
se
30%
Vaik
30%
jostai
28%
siin
28%
sun
28%
eteenpäi
26%
kiertämässä
26%
kysymyksii
26%
mennään
26%
Huomenna
24%
ihmeitä
24%
Kaikki
24%
kiinnostaa
24%
Mikä
24%
tyhmii
24%
vastaan
24%
vedätys
24%
Jutellaan
22%
lopus
22%
Miten
22%
näi
22%
Nukutaan
22%
turhaan
22%
aikane
20%
elämys
20%
herätys
20%
ketä
20%
kiinnostais
20%
kiitos
20%
lähtee
20%
meininki
20%
menee
20%
menemää
20%
Oikeesti
20%
oikeesti
20%
pysyy
20%
täält
20%
totuus
20%
kysyy
19%
liidos
19%
oot
19%
vain
19%
reittii
17%
sivuteitse
17%
tuu
17%
enemmä
15%
halunnu
15%
junnuna
15%
ois
15%
Salasta
15%
teet
15%
Äläkä
13%
Lopult
13%
aikoja
11%
bye
11%
Fokus
11%
hymyni
11%
Keissei
11%
Kuka
11%
mitkä
11%
mun
11%
oliki
11%
taikoa
11%
yksin
11%
kateis
9%
osaan
9%
piilottais
9%
tunteit
9%
lopuks
7%
Onneks
7%
hyyssinä
6%
niit
0%
Ehtoja vastaavia visoja ei löytynyt
Tulosjakauma
Jokaisen tuloksen saaneiden osuus
Persentiili vastausten määrän mukaan
Tuloshistoriasi
Et ole pelannut tätä visaa